000 01554nam a22004097a 4500
003 CHAP
005 20220329143248.0
008 071105s2007 mx r 00010 spa d
010 _a94124
011 _a95096
035 _a105700
040 _cCHAP
090 _aTesis
100 1 _aGonzález Ruíz, Alma Rosalba.
_949381
245 1 0 _aProducción y comercialización de ganado porcino en pie en el Estado de Guanajuato
_c/por Alma Rosalba González Ruíz
260 _aChapingo, Méx. :
_bEl autor,
_c2007
300 _a64 h. :
_bgráfs. ; cuadros
502 _aTesis (Ing. Agr. Esp. en Zootecnia) -- UACH. Departamento de Zootecnia
530 _aTambién disponible en línea
590 _aALEPH
_b10
_c20130110
_lUCH01
_h1520
590 _aBATCH-UPD
_b10
_c20130110
_lUCH01
_h0805
590 _aBATCH-UPD
_b10
_c20130410
_lUCH01
_h0443
590 _aBATCH-UPD
_b10
_c20130914
_lUCH01
_h1523
590 _aBATCH-UPD
_b10
_c20140324
_lUCH01
_h1504
590 _aBATCH-UPD
_b10
_c20141002
_lUCH01
_h0835
590 _aCONVERSION
_b10
_c20130109
_lUCH01
_h1352
650 1 4 _aGanado porcino
_xGuanajuato.
_945371
650 1 4 _aGanado porcino
_xMercadeo.
_945383
650 1 4 _aGanado porcino
_xProducción.
_945399
650 1 4 _aGranjas porcinas.
_950413
856 _3Finding aid
_uhttp://10.13.5.2/tesis/105700.pdf
_zTeclea aqui
901 _aBK
905 _aElisama A. H.
942 _cFOLL
949 _aTesis
_bBC
_cTES
_d33724002040488
_eTS1
_gDonaciØn
_h47160
_i105700
_sb
949 _aTesis
_bBC
_cTES
_d33724002040520
_eTS2
_fc.2
_gDonaciØn
_h47161
_i105700
_si
999 _c94124
_d94124